| 000 | 00792nam a2200205 a 4500 | ||
|---|---|---|---|
| 001 | 000029900 | ||
| 005 | 20200930055907.0 | ||
| 008 | 110426s1988 dr 000 0 spa d | ||
| 040 |
_aDO-SdBNP _bspa _cBNPHU |
||
| 082 |
_axxx _bD441n |
||
| 245 | 0 | 1 |
_aDesastres naturales : _bbibliografía / _ccompilada por Ana Marina Méndez G., Gladys Medrano M., Martha Fonfrías de Miranda. |
| 260 |
_aSanto Domingo : _bCorporación Dominicana de Electricidad : _bGerencia de Informatica; Centro de Documentación, _c1988. |
||
| 300 |
_a30 p. ; _c28 cm. |
||
| 500 | _aIncluye índice de autor | ||
| 504 | _aBibliografía : p. 4-21 | ||
| 700 | 1 |
_aMéndez G., Ana Marina _ecomp. _956638 |
|
| 700 | 1 |
_aMedrano M., Gladys _ecomp. _956639 |
|
| 700 | 1 |
_aFonfrías de Miranda, Martha _ecom. _956640 |
|
| 049 | _aBNPD | ||
| 999 |
_c29392 _d29392 |
||